[Event "ESP Autonomico-chT"]
[Site "Spain"]
[Date "2006.03.11"]
[Round "6.60"]
[White "Landa Garriga, Francisco Javier"]
[Black "Garcia Monterde, Patxi"]
[Result "0-1"]
[WhiteElo "1858"]
[BlackElo "1956"]
[PlyCount "110"]
[EventDate "2006.02.04"]
[EventType "team"]
[EventRounds "9"]
[EventCountry "ESP"]
[SourceTitle "EXT 2007"]
[Source "ChessBase"]
[SourceDate "2006.11.23"]
[SourceVersion "1"]
[SourceVersionDate "2006.11.23"]
[SourceQuality "1"]

1. e4 g6 2. d4 Bg7 3. Bc4 c6 4. Nc3 d6 5. Be3 Nf6 6. Nf3 b5 7. Bd3 0-0 8. h3 b4 9. Ne2 Qc7 10. c4 bxc3 11. Nxc3 Nbd7 12. 0-0 Rb8 13. Qd2 Bb7 14. Rac1 Rfc8 15. e5 Ne8 16. Rfe1 Qa5 17. Bf4 c5 18. d5 Nb6 19. Bb1 c4 20. Qd1 Nxd5 21. Nxd5 Bxd5 22. Bd2 Bxf3 23. gxf3 Qb5 24. Bc3 Bxe5 25. Rxe5 dxe5 26. Qd2 Rb6 27. Qh6 Nf6 28. Re1 Re6 29. Be4 Rd8 30. f4 exf4 31. Qxf4 Rxe4 32. Rxe4 Nxe4 33. Qxe4 Rd1+ 34. Kh2 Qd5 35. Qxe7 Qd6+ 36. Qxd6 Rxd6 37. Kg3 f6 38. a3 Kf7 39. Kf3 Rd3+ 40. Kg2 Ke6 41. f3 Kf5 42. Kg3 Ke6 43. Kf2 f5 44. Ke2 Rd5 45. Ke3 Kd6 46. Bd4 a6 47. h4 Kc6 48. Bc3 Kb5 49. Kf4 Rd3 50. Bg7 Ka4 51. Bf6 Kb3 52. Bg7 Kc2 53. Kg3 Rb3 54. Kf4 Rxb2 55. Kg5 Rb3 0-1

[Event "ESP Autonomico-chT"]
[Site "Spain"]
[Date "2006.03.04"]
[Round "5.60"]
[White "Garcia Monterde, Patxi"]
[Black "Dominguez Castillo, Alejandro"]
[Result "1-0"]
[WhiteElo "1953"]
[BlackElo "1735"]
[PlyCount "35"]
[EventDate "2006.02.04"]
[EventType "team"]
[EventRounds "9"]
[EventCountry "ESP"]
[SourceTitle "EXT 2007"]
[Source "ChessBase"]
[SourceDate "2006.11.23"]
[SourceVersion "1"]
[SourceVersionDate "2006.11.23"]
[SourceQuality "1"]

1. c4 c5 2. Nc3 d6 3. g3 Nc6 4. Bg2 Nf6 5. Nf3 g6 6. 0-0 Bg7 7. d4 cxd4 8. Nxd4 Bd7 9. e4 0-0 10. Nc2 a6 11. Ne3 Rb8 12. Qe2 Be6 13. Rd1 Qc8 14. Rb1 Nd7 15. Ned5 Nd4 16. Rxd4 Re8 17. Rd1 Kh8 18. Be3 1-0

[Event "Autonomico-chT"]
[Site "Aragon"]
[Date "2005.02.05"]
[Round "2.48"]
[White "Garcia Monterde, Patxi"]
[Black "Landa Galindo, Victor"]
[Result "0-1"]
[WhiteElo "2004"]
[BlackElo "1965"]
[PlyCount "50"]
[EventDate "2005.01.22"]
[EventType "team"]
[EventRounds "12"]
[EventCountry "ESP"]
[SourceTitle "EXT 2006"]
[Source "ChessBase"]
[SourceDate "2005.11.24"]
[SourceVersion "1"]
[SourceVersionDate "2005.11.24"]
[SourceQuality "1"]

1. c4 Nf6 2. g3 g6 3. Bg2 Bg7 4. Nc3 0-0 5. Nf3 d6 6. 0-0 c5 7. d4 Nc6 8. d5 Na5 9. Qd3 Rb8 10. e4 a6 11. e5 Bf5 12. Qe2 Ng4 13. e6 fxe6 14. dxe6 Ne5 15. Nxe5 Bxe5 16. Bd5 Bh3 17. Re1 Nc6 18. f4 Nd4 19. Qd1 Bg7 20. Be3 h5 21. Bxd4 Bxd4+ 22. Kh1 b5 23. cxb5 axb5 24. Nxb5 Rxb5 25. Qd3 Qe8 0-1